[Event "España ch 2010 sub-14"]
[Site "Linares ESP"]
[Date "2010.07.13"]
[Round "1.1"]
[White "Santos Latasa, Jaime"]
[Black "Garcia Martinez, Marcos"]
[Result "1/2-1/2"]
[WhiteElo "2255"]
[BlackElo "1708"]
[PlyCount "166"]
[EventDate "2010.07.13"]
[EventType "swiss"]
[EventRounds "9"]
[EventCountry "ESP"]
[Source "lmi"]
[SourceDate "2010.07.13"]

1. e4 e6 2. d4 d5 3. Bd3 dxe4 4. Bxe4 Nf6 5. Bf3 c5 6. Ne2 Be7 7. O-O O-O 8.
Nbc3 Nc6 9. Be3 c4 10. a3 Nd5 11. Nxd5 exd5 12. Nf4 Be6 13. Nxe6 fxe6 14. Bg4
Qd6 15. f4 b5 16. c3 a5 17. Qf3 Bf6 18. Rad1 Ne7 19. Qh3 Nf5 20. Bxf5 exf5 21.
Qxf5 Bxd4 22. Qh3 Bxe3+ 23. Qxe3 Rae8 24. Qd4 Re2 25. Rd2 Rfe8 26. f5 R8e4 27.
Rxe2 Rxd4 28. cxd4 b4 29. axb4 Qxb4 30. Rd1 a4 31. Rf2 Kf7 32. h3 Qb3 33. Rdd2
c3 34. bxc3 Qxc3 35. Kh2 a3 36. Rd1 Qb3 37. Ra1 Qc3 38. Rfa2 Qxd4 39. Rxa3 Qe5+
40. Kh1 Kf6 41. Rf1 Qe2 42. Raf3 d4 43. R3f2 Qe3 44. Rc2 Qe4 45. Rd2 d3 46.
Rfd1 Kxf5 47. Rxd3 g6 48. Rd6 Kg5 49. R6d5+ Kh6 50. R5d4 Qe2 51. Rh4+ Kg5 52.
Rg4+ Kh6 53. Rb1 Qd3 54. Rc1 Qd2 55. Rh4+ Kg5 56. Rhc4 Kh6 57. Rc7 Qf4 58. R7c6
Qe4 59. Rb6 Qe3 60. Rbb1 Qe4 61. Rb8 Qf4 62. Rbc8 Qe4 63. Rd1 Qe2 64. Rcd8 Qe4
65. Rf1 Qe2 66. Rdf8 Qe4 67. R8f7 Qd5 68. Re7 Qd6 69. Ra7 Qd3 70. Rc1 Qe3 71.
Rca1 Qe4 72. Rf7 Qe5 73. Rd1 Qe6 74. Rdd7 Qe1+ 75. Kh2 Qe5+ 76. g3 Qe2+ 77. Kg1
Qe3+ 78. Kg2 Qe2+ 79. Rf2 Qe4+ 80. Kh2 Qe6 81. Rd4 Qe3 82. Rh4+ Kg7 83. Rb2 Qc5
1/2-1/2

[Event "España ch 2010 sub-14"]
[Site "Linares ESP"]
[Date "2010.07.13"]
[Round "1.2"]
[White "Gutierrez Sanchez, Daniel"]
[Black "Suarez Garcia, Carlos"]
[Result "0-1"]
[WhiteElo "1706"]
[BlackElo "2200"]
[PlyCount "120"]
[EventDate "2010.07.13"]
[EventType "swiss"]
[EventRounds "9"]
[EventCountry "ESP"]
[Source "lmi"]
[SourceDate "2010.07.13"]

1. e4 c5 2. Nf3 e6 3. d3 Nc6 4. g3 g6 5. Bg2 Bg7 6. O-O Nge7 7. c3 O-O 8. Be3
b6 9. Na3 Ba6 10. Qd2 Rc8 11. Bh6 d5 12. Bxg7 Kxg7 13. e5 b5 14. Nc2 Bb7 15. h4
h5 16. Ng5 Nxe5 17. d4 Nc4 18. Qc1 Nf5 19. Bh3 cxd4 20. Bxf5 exf5 21. Nxd4 Qd7
22. Rb1 Rfe8 23. Qd1 Nd6 24. f3 Nc4 25. Rf2 Qd6 26. f4 Qd7 27. b3 Nd6 28. Qd3
a6 29. Rc2 Ne4 30. Nxe4 Rxe4 31. Kf2 Rce8 32. a4 Bc6 33. a5 Ba8 34. b4 Qc7 35.
Rbc1 Qe7 36. Qd2 f6 37. Rd1 Rc8 38. Rdc1 Rc4 39. Rd1 Bb7 40. Rdc1 Qc7 41. Qd3
Bc8 42. Qd2 Qe7 43. Rd1 Rc7 44. Rdc1 Qd6 45. Rd1 Kg8 46. Rf1 Rce7 47. Rd1 Qc7
48. Rdc1 Qa7 49. Qd3 Rg7 50. Re1 g5 51. Rxe4 fxe4 52. Qe3 gxh4 53. gxh4 Rg4 54.
Nf5 Rxf4+ 55. Kg3 Qxe3+ 56. Nxe3 Rf3+ 57. Kg2 Rxe3 58. Rd2 Bb7 59. Rf2 Kf7 60.
Rc2 f5 0-1

[Event "España ch 2010 sub-14"]
[Site "Linares ESP"]
[Date "2010.07.13"]
[Round "1.3"]
[White "Montoliu Cervero, Francisco"]
[Black "Perez Barreto, Adrian"]
[Result "1-0"]
[WhiteElo "2153"]
[BlackElo "1701"]
[PlyCount "55"]
[EventDate "2010.07.13"]
[EventType "swiss"]
[EventRounds "9"]
[EventCountry "ESP"]
[Source "lmi"]
[SourceDate "2010.07.13"]

1. e4 c5 2. Nf3 e6 3. d4 cxd4 4. Nxd4 Nc6 5. Nc3 Qc7 6. Be3 a6 7. Qd2 Nf6 8. f3
Bb4 9. a3 Be7 10. g4 d6 11. g5 Nd7 12. O-O-O b5 13. Nxc6 Qxc6 14. Ne2 Bb7 15.
Nd4 Qc7 16. h4 Nc5 17. Kb1 Rc8 18. h5 e5 19. Nf5 Nxe4 20. fxe4 Bxe4 21. Bd3
Bxh1 22. Rxh1 Qb7 23. Rf1 O-O 24. Be4 Qd7 25. Qd5 Kh8 26. Rh1 f6 27. g6 h6 28.
Bxh6 1-0

[Event "España ch 2010 sub-14"]
[Site "Linares ESP"]
[Date "2010.07.13"]
[Round "1.4"]
[White "Martinez Hernandez, Paula"]
[Black "Escudero Manzano, Alejandro"]
[Result "0-1"]
[WhiteElo "1689"]
[BlackElo "2125"]
[PlyCount "122"]
[EventDate "2010.07.13"]
[EventType "swiss"]
[EventRounds "9"]
[EventCountry "ESP"]
[Source "lmi"]
[SourceDate "2010.07.13"]

1. e4 c5 2. Nc3 a6 3. d3 b5 4. g3 Bb7 5. Bg2 e6 6. Nge2 g6 7. O-O Bg7 8. f4 b4
9. Nb1 Ne7 10. c3 O-O 11. Be3 d6 12. Nd2 Nbc6 13. Nf3 Qd7 14. d4 cxd4 15. cxd4
d5 16. e5 a5 17. b3 Na7 18. Ne1 Ba6 19. Nd3 Qb5 20. Nec1 Nf5 21. Bf2 Qc6 22.
Ne2 Qb5 23. Nec1 Qb6 24. Ne2 Nc6 25. Ndc1 Rac8 26. Re1 Rc7 27. Bh3 Nfe7 28. Nd3
Rfc8 29. Rc1 Na7 30. Rxc7 Rxc7 31. Qd2 Nb5 32. Rc1 Rxc1+ 33. Ndxc1 Qc6 34. Be1
Na3 35. Bf1 Nf5 36. Bf2 h5 37. Nd3 Nb1 38. Qc1 Qxc1 39. Ndxc1 Bf8 40. Bh3 Ne7
41. g4 hxg4 42. Bxg4 Nc6 43. h4 Be7 44. h5 g5 45. f5 exf5 46. Bxf5 Nc3 47. Bg4
Kg7 48. Kf1 Ne4 49. Ke1 Bd8 50. Bd7 Bb5 51. Bxc6 Bxc6 52. Ng3 Nxg3 53. Bxg3 Bb5
54. Kd2 Kh6 55. Ke3 Kxh5 56. Kf3 g4+ 57. Kf4 Bg5+ 58. Kf5 Bd7+ 59. e6 Bxe6+ 60.
Ke5 Bxc1 61. Kd6 Kg5 0-1

[Event "España ch 2010 sub-14"]
[Site "Linares ESP"]
[Date "2010.07.13"]
[Round "1.5"]
[White "Martin Duque, Jesus"]
[Black "Mercado Larrea, Adrian"]
[Result "1/2-1/2"]
[WhiteElo "2073"]
[BlackElo "1685"]
[PlyCount "62"]
[EventDate "2010.07.13"]
[EventType "swiss"]
[EventRounds "9"]
[EventCountry "ESP"]
[Source "lmi"]
[SourceDate "2010.07.13"]

1. e4 c5 2. Nf3 Nc6 3. d4 cxd4 4. Nxd4 Nf6 5. Nc3 e5 6. Ndb5 d6 7. Bg5 a6 8.
Na3 b5 9. Bxf6 gxf6 10. Nd5 Bg7 11. c3 f5 12. exf5 Bxf5 13. Nc2 Be6 14. Nce3
Ne7 15. a4 Nxd5 16. Nxd5 Rb8 17. axb5 axb5 18. Nb4 Rb6 19. Ra5 Qd7 20. Nd5 Bxd5
21. Qxd5 O-O 22. Bxb5 Qe6 23. Qxe6 fxe6 24. O-O e4 25. Re1 Rfb8 26. Bf1 d5 27.
c4 Rxb2 28. Rb5 R2xb5 29. cxb5 Bd4 30. g3 Kg7 31. Kg2 Kf6 1/2-1/2

[Event "España ch 2010 sub-14"]
[Site "Linares ESP"]
[Date "2010.07.13"]
[Round "1.6"]
[White "Lopez Temprano, Clara"]
[Black "Gutierrez Valero, Mario"]
[Result "0-1"]
[WhiteElo "1675"]
[BlackElo "2071"]
[PlyCount "76"]
[EventDate "2010.07.13"]
[EventType "swiss"]
[EventRounds "9"]
[EventCountry "ESP"]
[Source "lmi"]
[SourceDate "2010.07.13"]

1. e4 c5 2. Nf3 Nc6 3. d4 cxd4 4. Nxd4 Nf6 5. Nc3 e5 6. Ndb5 d6 7. Bg5 a6 8.
Na3 b5 9. Nd5 Be7 10. Bxf6 Bxf6 11. c4 b4 12. Nc2 O-O 13. Be2 a5 14. Qd3 Bg5
15. Rd1 Be6 16. O-O Bxd5 17. Qxd5 Qb6 18. Bg4 Rad8 19. Rfe1 Kh8 20. Qd3 g6 21.
g3 Bh6 22. h4 Kg7 23. Bh3 Nb8 24. Kg2 Na6 25. g4 Bf4 26. Ne3 Nc5 27. Qc2 Bxe3
28. Rxe3 Ne6 29. Ree1 Kh8 30. g5 Nf4+ 31. Kh2 Qc5 32. b3 f6 33. Rf1 fxg5 34.
hxg5 Nxh3 35. Kxh3 Qc8+ 36. Kh2 Rf3 37. Qe2 Qh3+ 38. Kg1 Qg4+ 0-1

[Event "España ch 2010 sub-14"]
[Site "Linares ESP"]
[Date "2010.07.13"]
[Round "1.7"]
[White "Navarrete Espi, Samuel"]
[Black "Alonso Macias, Maria"]
[Result "1-0"]
[WhiteElo "2057"]
[BlackElo "1669"]
[PlyCount "69"]
[EventDate "2010.07.13"]
[EventType "swiss"]
[EventRounds "9"]
[EventCountry "ESP"]
[Source "lmi"]
[SourceDate "2010.07.13"]

1. e4 e5 2. Nf3 Nc6 3. Bb5 Nge7 4. O-O g6 5. c3 Bg7 6. d4 exd4 7. cxd4 O-O 8.
Nc3 a6 9. Bc4 d6 10. Bg5 Bg4 11. Nd5 Kh8 12. Nf6 Bxf3 13. Qxf3 Nxd4 14. Qh3 h5
15. Rad1 Ndc6 16. Be2 Ng8 17. Bxh5 Nh6 18. Nh7 Qe8 19. Nxf8 Qxf8 20. Be2 Re8
21. f3 Re5 22. Rd5 Re8 23. Be3 Nb4 24. Rd2 d5 25. Bd4 Bxd4+ 26. Rxd4 Kg7 27.
Rfd1 c5 28. R4d2 dxe4 29. fxe4 Rxe4 30. Qc3+ Kh7 31. Bf3 Re7 32. Qf6 Qe8 33.
Kf2 c4 34. Rd8 Re6 35. Qc3 1-0

[Event "España ch 2010 sub-14"]
[Site "Linares ESP"]
[Date "2010.07.13"]
[Round "1.8"]
[White "Sanchez Canales, Pol"]
[Black "Ballester Llagaria, Luis Eduardo"]
[Result "0-1"]
[WhiteElo "1667"]
[BlackElo "2056"]
[PlyCount "64"]
[EventDate "2010.07.13"]
[EventType "swiss"]
[EventRounds "9"]
[EventCountry "ESP"]
[Source "lmi"]
[SourceDate "2010.07.13"]

1. e4 c5 2. Nf3 e6 3. c3 d5 4. e5 d4 5. cxd4 cxd4 6. Bb5+ Bd7 7. Nxd4 Bxb5 8.
Nxb5 a6 9. N5c3 Nc6 10. Qe2 Qd4 11. a3 Nxe5 12. O-O Nf6 13. Qe3 O-O-O 14. Qxd4
Rxd4 15. Ne2 Rd3 16. Nbc3 Bc5 17. Nf4 Rd7 18. b4 Ba7 19. Ra2 Rhd8 20. Rc2 Kb8
21. h3 g5 22. Nfe2 Nd3 23. Nb1 Ne4 24. Kh2 Bxf2 25. Nbc3 Nxc3 26. dxc3 h6 27.
Ng3 Bb6 28. Ne4 Bc7+ 29. Kg1 f5 30. Nf2 Bb6 31. a4 Nxf2 32. Rfxf2 Rd1+ 0-1

[Event "España ch 2010 sub-14"]
[Site "Linares ESP"]
[Date "2010.07.13"]
[Round "1.10"]
[White "Abal Cores, Lucas"]
[Black "Forsberg Conde, Martin"]
[Result "0-1"]
[WhiteElo "1658"]
[BlackElo "2010"]
[PlyCount "82"]
[EventDate "2010.07.13"]
[EventType "swiss"]
[EventRounds "9"]
[EventCountry "ESP"]
[Source "lmi"]
[SourceDate "2010.07.13"]

1. e4 e5 2. Nf3 Nc6 3. Bc4 Bc5 4. c3 Nf6 5. d4 exd4 6. cxd4 Bb4+ 7. Nc3 Nxe4 8.
O-O Bxc3 9. d5 Bf6 10. Re1 Ne7 11. Rxe4 d6 12. Bg5 Bxg5 13. Nxg5 h6 14. Qe2
hxg5 15. Re1 Be6 16. dxe6 f6 17. Re3 d5 18. Rh3 Rxh3 19. gxh3 g6 20. Bd3 Qd6
21. Bxg6+ Nxg6 22. Qh5 O-O-O 23. Qxg6 Qe7 24. Qf5 d4 25. Rd1 Rd6 26. Kf1 Qxe6
27. Qxe6+ Rxe6 28. Rxd4 Rd6 29. Re4 Rd2 30. Re2 Rxe2 31. Kxe2 Kd7 32. Kf3 c5
33. Kg4 b5 34. h4 gxh4 35. Kxh4 b4 36. Kg4 c4 37. Kf4 a5 38. Ke4 a4 39. Kd4 c3
40. bxc3 b3 41. axb3 a3 0-1

[Event "España ch 2010 sub-14"]
[Site "Linares ESP"]
[Date "2010.07.13"]
[Round "1.11"]
[White "Capote Robayna, Nathaniel"]
[Black "Mata Gutierrez, Alex"]
[Result "1-0"]
[WhiteElo "1970"]
[BlackElo "1656"]
[PlyCount "75"]
[EventDate "2010.07.13"]
[EventType "swiss"]
[EventRounds "9"]
[EventCountry "ESP"]
[Source "lmi"]
[SourceDate "2010.07.13"]

1. d4 d5 2. c4 c6 3. Nc3 Nf6 4. Nf3 dxc4 5. a4 Bf5 6. e3 e6 7. Bxc4 Bb4 8. O-O
O-O 9. Bd2 Nbd7 10. Qe2 Bxc3 11. Bxc3 Ne4 12. Nd2 Ndf6 13. Nxe4 Nxe4 14. Bb4
Re8 15. f3 Nf6 16. Rfd1 Nd5 17. Be1 Bg6 18. e4 f5 19. Ba2 fxe4 20. fxe4 Nf4 21.
Qd2 Rf8 22. Bg3 Nh5 23. Bxe6+ Kh8 24. Re1 Nxg3 25. hxg3 Qd6 26. d5 Rae8 27. Qg5
cxd5 28. exd5 Qb6+ 29. Kh2 Rf2 30. Bh3 Ree2 31. Rxe2 Rxe2 32. Rf1 Re8 33. Qf4
h6 34. d6 Qd8 35. d7 Rg8 36. Rc1 Qe7 37. Rc8 Rd8 38. Qb8 1-0

[Event "España ch 2010 sub-14"]
[Site "Linares ESP"]
[Date "2010.07.13"]
[Round "1.12"]
[White "Juanes Garcia, Olaya"]
[Black "Nicolas Zapata, Irene"]
[Result "0-1"]
[WhiteElo "1655"]
[BlackElo "1962"]
[PlyCount "54"]
[EventDate "2010.07.13"]
[EventType "swiss"]
[EventRounds "9"]
[EventCountry "ESP"]
[Source "lmi"]
[SourceDate "2010.07.13"]

1. e4 c5 2. Nc3 Nc6 3. f4 g6 4. Nf3 Bg7 5. Bb5 Nd4 6. Bd3 d6 7. Nxd4 cxd4 8.
Ne2 Qb6 9. O-O Nf6 10. Qe1 O-O 11. b3 Bd7 12. Bb2 Nxe4 13. Kh1 Nc5 14. Bc4 e5
15. Rb1 Bf5 16. d3 Be6 17. Bxe6 Nxe6 18. f5 Nc7 19. Ng3 Nd5 20. Rf2 Rac8 21. a4
Ne3 22. Rc1 Qd8 23. Ba3 Qh4 24. Qg1 Ng4 25. Re2 Bh6 26. Rce1 Be3 27. Rxe3 dxe3
0-1

[Event "España ch 2010 sub-14"]
[Site "Linares ESP"]
[Date "2010.07.13"]
[Round "1.13"]
[White "Iglesias Garcia, Jorge"]
[Black "Garcia Gonzalez, Omar"]
[Result "1-0"]
[WhiteElo "1958"]
[BlackElo "1647"]
[PlyCount "105"]
[EventDate "2010.07.13"]
[EventType "swiss"]
[EventRounds "9"]
[EventCountry "ESP"]
[Source "lmi"]
[SourceDate "2010.07.13"]

1. d4 Nf6 2. c4 g6 3. Nc3 Bg7 4. Nf3 O-O 5. Bg5 d6 6. e3 Nbd7 7. Be2 c6 8. O-O
Nb6 9. Rc1 Bg4 10. b3 Bxf3 11. Bxf3 d5 12. cxd5 Nbxd5 13. Nxd5 cxd5 14. Qd2 e6
15. Bf4 Rc8 16. Rxc8 Qxc8 17. Rc1 Qa8 18. Qc3 Rd8 19. h3 b6 20. Be2 Bf8 21. Bb5
Bd6 22. Bxd6 Rxd6 23. Qc8+ Rd8 24. Qxa8 Rxa8 25. Rc7 a6 26. Bc6 Rb8 27. f3 Nh5
28. g4 Ng7 29. Kf2 h5 30. Ke2 hxg4 31. hxg4 Ne8 32. Bxe8 Rxe8 33. Kd3 Rb8 34.
Kc3 a5 35. g5 b5 36. a3 b4+ 37. Kb2 Kg7 38. axb4 axb4 39. Kc2 Rb6 40. Kd3 Kf8
41. e4 dxe4+ 42. Kxe4 Rb5 43. f4 Ke8 44. Rc5 Rb6 45. Kd3 Ke7 46. Kc4 Rd6 47.
Rc7+ Ke8 48. Rb7 Rd5 49. Kd3 Rf5 50. Ke4 Kd8 51. Rxb4 Kc7 52. Rc4+ Kd6 53. Rc5
1-0

[Event "España ch 2010 sub-14"]
[Site "Linares ESP"]
[Date "2010.07.13"]
[Round "1.14"]
[White "Lafuente Calvillo, Andrea"]
[Black "Rubio Tent, Francisco"]
[Result "0-1"]
[WhiteElo "1643"]
[BlackElo "1954"]
[PlyCount "95"]
[EventDate "2010.07.13"]
[EventType "swiss"]
[EventRounds "9"]
[EventCountry "ESP"]
[Source "lmi"]
[SourceDate "2010.07.13"]

1. e4 c6 2. d4 d5 3. Nc3 dxe4 4. Nxe4 Bf5 5. Ng3 Bg6 6. h4 h6 7. h5 Bh7 8. Nf3
Nd7 9. Bd3 Bxd3 10. Qxd3 e6 11. Bf4 Qa5+ 12. Bd2 Bb4 13. c3 Be7 14. Ne4 Ngf6
15. Nxf6+ Nxf6 16. Ne5 Rd8 17. Qg3 c5 18. Qxg7 Rh7 19. Qg3 cxd4 20. cxd4 Bb4
21. Qf4 Bxd2+ 22. Qxd2 Qxd2+ 23. Kxd2 Rxd4+ 24. Kc3 Rd5 25. Rae1 Rg7 26. Rhg1
Rg5 27. Nc4 Rxh5 28. Rh1 Rxh1 29. Rxh1 h5 30. f3 Ke7 31. Re1 Rg5 32. Re2 Nd5+
33. Kd2 Nf4 34. Re5 Rxe5 35. Nxe5 Nxg2 36. Ke2 Nf4+ 37. Ke3 Ng6 38. Nd3 f5 39.
Kf2 h4 40. Kg2 Kf6 41. f4 e5 42. fxe5+ Nxe5 43. Nf4 Kg5 44. Nh3+ Kg4 45. Nf2+
Kh5 46. Nh3 Nd3 47. b3 Nc1 48. Ng1 0-1

[Event "España ch 2010 sub-14"]
[Site "Linares ESP"]
[Date "2010.07.13"]
[Round "1.15"]
[White "Rojano Alfonso, Carlos"]
[Black "Lopez Caudevilla, David"]
[Result "0-1"]
[WhiteElo "1953"]
[BlackElo "1635"]
[PlyCount "108"]
[EventDate "2010.07.13"]
[EventType "swiss"]
[EventRounds "9"]
[EventCountry "ESP"]
[Source "lmi"]
[SourceDate "2010.07.13"]

1. e4 c5 2. Nc3 Nc6 3. g3 e5 4. Bg2 g6 5. Nge2 Bg7 6. d3 Nge7 7. O-O O-O 8. Be3
d6 9. Qd2 Nd4 10. Rac1 Be6 11. Bh6 Qd7 12. Bxg7 Kxg7 13. f4 f5 14. Qe3 Nec6 15.
Kh1 Rae8 16. a3 Nxe2 17. Nxe2 Nd4 18. Nc3 fxe4 19. Nxe4 exf4 20. Rxf4 Bf5 21.
Rh4 h5 22. Qg5 Bg4 23. Rf1 Rxf1+ 24. Bxf1 Rf8 25. Bg2 Nf5 26. Rxg4 hxg4 27.
Qxg4 Qe7 28. c4 Ne3 29. Qe2 Nxg2 30. Kxg2 Qe5 31. Nc3 Qxe2+ 32. Nxe2 a6 33. Nc3
Kf6 34. Kf2 Ke5+ 35. Ke2 Rh8 36. h4 Re8 37. Ke3 Kf5+ 38. Kf2 Re5 39. a4 Kg4 40.
Ne4 Re6 41. b3 b6 42. Kg2 Kf5 43. Kf3 Ke5 44. Ke3 d5 45. Ng5 Rf6 46. Nf3+ Kd6
47. Nd2 dxc4 48. Ne4+ Ke5 49. Nxf6 cxb3 50. Ne4 b5 51. axb5 axb5 52. Nc3 b2 53.
g4 c4 54. Nb1 cxd3 0-1

[Event "España ch 2010 sub-14"]
[Site "Linares ESP"]
[Date "2010.07.13"]
[Round "1.16"]
[White "Zalaya Gracia, Alejandro"]
[Black "Moreno Ibañez, Miguel"]
[Result "0-1"]
[WhiteElo "1634"]
[BlackElo "1946"]
[PlyCount "92"]
[EventDate "2010.07.13"]
[EventType "swiss"]
[EventRounds "9"]
[EventCountry "ESP"]
[Source "lmi"]
[SourceDate "2010.07.13"]

1. d4 Nf6 2. Nf3 g6 3. e3 Bg7 4. Bd3 d6 5. Nbd2 O-O 6. O-O Nbd7 7. c3 e5 8.
dxe5 dxe5 9. Bc2 Qe7 10. e4 Nc5 11. Qe2 Nh5 12. Nb3 Ne6 13. g3 a5 14. a4 h6 15.
Rd1 Qf6 16. Rd5 c6 17. Rd1 Ng5 18. Bxg5 hxg5 19. Ne1 Qe7 20. Ng2 g4 21. Nd2 Be6
22. Bb3 Rfd8 23. Bxe6 Qxe6 24. Ne3 Bh6 25. Ndf1 Nf6 26. Rxd8+ Rxd8 27. Rd1 Rxd1
28. Qxd1 Bf8 29. Qd8 Nxe4 30. Qxa5 Nc5 31. Qb4 e4 32. a5 f5 33. Qc4 Kf7 34.
Qxe6+ Kxe6 35. b4 Na4 36. Nd1 Bg7 37. c4 Nc3 38. Nfe3 Ne2+ 39. Kf1 Nd4 40. Nb2
Nb3 41. Na4 Bf8 42. c5 Nd4 43. Nd1 Nc2 44. Ndb2 Nxb4 45. Nc4 Nd3 46. Ke2 Nxc5
0-1

[Event "España ch 2010 sub-14"]
[Site "Linares ESP"]
[Date "2010.07.13"]
[Round "1.17"]
[White "Jimenez Almeida, Luis David"]
[Black "Calvo Ruiz, Sergio"]
[Result "1-0"]
[WhiteElo "1936"]
[BlackElo "1633"]
[PlyCount "109"]
[EventDate "2010.07.13"]
[EventType "swiss"]
[EventRounds "9"]
[EventCountry "ESP"]
[Source "lmi"]
[SourceDate "2010.07.13"]

1. e4 d5 2. exd5 Qxd5 3. Nc3 Qd8 4. Bc4 c6 5. Nf3 Bf5 6. d4 e6 7. Bg5 Nf6 8.
O-O Be7 9. Qe2 O-O 10. Rad1 Nbd7 11. Ne5 Nb6 12. Bd3 Bxd3 13. Rxd3 Nfd5 14.
Rfd1 Nxc3 15. bxc3 Nd5 16. Bxe7 Qxe7 17. Rg3 Nf4 18. Qg4 Ng6 19. Nxg6 hxg6 20.
h4 c5 21. h5 cxd4 22. Rxd4 Rad8 23. hxg6 fxg6 24. Qxg6 Rxd4 25. cxd4 Rf6 26.
Qg5 Qf7 27. f3 Rf5 28. Qd8+ Kh7 29. Qh4+ Kg8 30. Rh3 Qd7 31. Rg3 Qc7 32. Qg4
Rf7 33. Qg6 Qd6 34. Rg4 Qe7 35. Re4 Rf6 36. Qg4 Qf7 37. c4 Rg6 38. Qh3 Rh6 39.
Rh4 Rxh4 40. Qxh4 Qc7 41. c5 b6 42. Qh5 Qf4 43. Qg4 Qc1+ 44. Kh2 bxc5 45. Qxe6+
Kh7 46. Qe4+ Kh8 47. Qe8+ Kh7 48. Qh5+ Kg8 49. dxc5 Qf4+ 50. g3 Qd2+ 51. Kh3
Qd7+ 52. g4 Qc6 53. Kg2 Qa4 54. Qd5+ Kh7 55. Qe4+ 1-0

[Event "España ch 2010 sub-14"]
[Site "Linares ESP"]
[Date "2010.07.13"]
[Round "1.18"]
[White "Sanchez Merino, Christian"]
[Black "Garcia De Lomas Guerrero, Carlos"]
[Result "0-1"]
[WhiteElo "1631"]
[BlackElo "1915"]
[PlyCount "28"]
[EventDate "2010.07.13"]
[EventType "swiss"]
[EventRounds "9"]
[EventCountry "ESP"]
[Source "lmi"]
[SourceDate "2010.07.13"]

1. e4 e6 2. d4 d5 3. Nd2 Nf6 4. e5 Nfd7 5. Ngf3 c5 6. c3 Nc6 7. Bd3 h6 8. O-O
g5 9. Qc2 cxd4 10. Re1 Bg7 11. cxd4 g4 12. Bg6 gxf3 13. Nxf3 Qe7 14. h4 fxg6
0-1

[Event "España ch 2010 sub-14"]
[Site "Linares ESP"]
[Date "2010.07.13"]
[Round "1.19"]
[White "Buendia Pinar, Alvaro"]
[Black "Kalynovsky, Martin"]
[Result "1-0"]
[WhiteElo "1905"]
[BlackElo "1623"]
[PlyCount "61"]
[EventDate "2010.07.13"]
[EventType "swiss"]
[EventRounds "9"]
[EventCountry "ESP"]
[Source "lmi"]
[SourceDate "2010.07.13"]

1. d4 Nf6 2. c4 c5 3. e3 cxd4 4. exd4 d5 5. Nc3 e6 6. c5 Nc6 7. Nf3 g6 8. Bd3
a6 9. Rb1 Bg7 10. b4 Bd7 11. a4 O-O 12. O-O Ne7 13. Bf4 h6 14. Re1 Nh5 15. Bd6
f5 16. Bxe7 Qxe7 17. Nxd5 Qd8 18. Nb6 Rb8 19. Bc4 Re8 20. Qb3 Kf7 21. d5 e5 22.
d6+ Be6 23. Bxe6+ Rxe6 24. Nxe5+ Bxe5 25. Rxe5 Ng7 26. Rbe1 Qe8 27. Qd5 Kf6 28.
Rxe6+ Nxe6 29. Qe5+ Kf7 30. d7 Qe7 31. Qxb8 1-0

[Event "España ch 2010 sub-14"]
[Site "Linares ESP"]
[Date "2010.07.13"]
[Round "1.20"]
[White "Vazquez Gomez, David"]
[Black "Ruiz Font, Elisabet"]
[Result "0-1"]
[WhiteElo "1621"]
[BlackElo "1899"]
[PlyCount "71"]
[EventDate "2010.07.13"]
[EventType "swiss"]
[EventRounds "9"]
[EventCountry "ESP"]
[Source "lmi"]
[SourceDate "2010.07.13"]

1. e4 c5 2. Nf3 g6 3. g3 Bg7 4. Bg2 Nc6 5. O-O e6 6. d3 Nge7 7. Re1 d5 8. e5
Qc7 9. Qe2 Nf5 10. c3 O-O 11. Nbd2 b6 12. Nf1 Ba6 13. Bf4 Rad8 14. h4 Rfe8 15.
N1h2 Qc8 16. g4 Nfe7 17. h5 Rf8 18. Qd2 Qd7 19. Bh6 f6 20. Bxg7 Kxg7 21. exf6+
Rxf6 22. Ne5 Nxe5 23. Rxe5 Nc6 24. Re2 Rdf8 25. Rae1 e5 26. Bh3 Qd6 27. b3 e4
28. g5 R6f7 29. c4 Nd4 30. Qc3 Kg8 31. Rb2 Qe5 32. Kh1 Rxf2 33. Rxf2 Rxf2 34.
Ng4 Qg3 35. Nxf2 Qxf2 36. Rf1 0-1

[Event "España ch 2010 sub-14"]
[Site "Linares ESP"]
[Date "2010.07.13"]
[Round "1.21"]
[White "Calle Moreau, Sergio"]
[Black "Barrio Ungidos, Ibon"]
[Result "1/2-1/2"]
[WhiteElo "1897"]
[BlackElo "1603"]
[PlyCount "99"]
[EventDate "2010.07.13"]
[EventType "swiss"]
[EventRounds "9"]
[EventCountry "ESP"]
[Source "lmi"]
[SourceDate "2010.07.13"]

1. e4 e6 2. Nf3 d5 3. Nc3 dxe4 4. Nxe4 Be7 5. d4 Nf6 6. Ng3 O-O 7. Bd3 b6 8.
O-O Bb7 9. c3 Nbd7 10. Bc2 c5 11. Bg5 h6 12. Be3 Rc8 13. Qe2 Qc7 14. Nd2 Nd5
15. Qd3 N7f6 16. Nde4 Qc6 17. f3 c4 18. Nxf6+ Nxf6 19. Qd2 h5 20. Bg5 Qd6 21.
Bxf6 Bxf6 22. Nxh5 Be5 23. f4 Bf6 24. Nxf6+ gxf6 25. Qf2 f5 26. Qg3+ Kh8 27.
Qh4+ Kg7 28. Qg5+ Kh7 29. Qh5+ Kg7 30. Bd1 Rh8 31. Qg5+ Kf8 32. Bf3 Bxf3 33.
Rxf3 Rg8 34. Qh6+ Ke7 35. Qh4+ Kd7 36. a4 Qc6 37. Qf2 a5 38. Rg3 Qa8 39. Rd1
Rxg3 40. Qxg3 Rg8 41. Qf2 Qc6 42. g3 Qxa4 43. Qe2 Qc6 44. Qe5 Qf3 45. Qb5+ Ke7
46. Re1 Rxg3+ 47. hxg3 Qxg3+ 48. Kf1 Qf3+ 49. Kg1 Qg3+ 50. Kf1 1/2-1/2

[Event "España ch 2010 sub-14"]
[Site "Linares ESP"]
[Date "2010.07.13"]
[Round "1.22"]
[White "Juan Delgado, Adrian"]
[Black "Arellano Pardo, Martin"]
[Result "0-1"]
[WhiteElo "1603"]
[BlackElo "1878"]
[PlyCount "54"]
[EventDate "2010.07.13"]
[EventType "swiss"]
[EventRounds "9"]
[EventCountry "ESP"]
[Source "lmi"]
[SourceDate "2010.07.13"]

1. d4 Nf6 2. c4 e5 3. dxe5 Ng4 4. Nf3 Bc5 5. e3 Nc6 6. Bd2 a5 7. Bc3 Qe7 8. Nd4
Ncxe5 9. h3 Bxd4 10. Qxd4 c5 11. Qd5 d6 12. hxg4 Nxg4 13. Bxg7 Rg8 14. Rxh7 Be6
15. Qh5 O-O-O 16. Be2 Ne5 17. Bxe5 dxe5 18. Qxe5 Rxg2 19. Rg7 Qh4 20. Qxc5+ Kb8
21. Qe5+ Kc8 22. Rg3 Qh1+ 23. Bf1 Rd1+ 24. Kxd1 Qxf1+ 25. Kc2 Qxf2+ 26. Kd3
Qc2+ 27. Kd4 Qxc4# 0-1

[Event "España ch 2010 sub-14"]
[Site "Linares ESP"]
[Date "2010.07.13"]
[Round "1.23"]
[White "Perez Cabas, Jose"]
[Black "Pardo Gomez, Juan Carlos"]
[Result "1-0"]
[WhiteElo "1873"]
[BlackElo "1591"]
[PlyCount "69"]
[EventDate "2010.07.13"]
[EventType "swiss"]
[EventRounds "9"]
[EventCountry "ESP"]
[Source "lmi"]
[SourceDate "2010.07.13"]

1. e4 d5 2. exd5 Qxd5 3. Nf3 Nf6 4. d4 Bg4 5. Be2 e6 6. O-O Nc6 7. c4 Qd7 8.
Be3 Be7 9. Nc3 O-O-O 10. Qb3 Na5 11. Qc2 Bxf3 12. Bxf3 Nxc4 13. Rac1 Nb6 14. d5
Nfxd5 15. Nxd5 Nxd5 16. Rfd1 Kb8 17. Bf4 Bd6 18. Bxd5 Bxf4 19. Bxb7 Qe7 20. Ba6
Rxd1+ 21. Rxd1 Qb4 22. g3 Qb6 23. Qc4 Bd6 24. Rd3 Ka8 25. Rb3 Qc5 26. Qe4+ c6
27. Bb7+ Kb8 28. Bxc6+ Kc8 29. Rc3 Qb6 30. Be8+ Kd8 31. Bxf7 Bc7 32. Bxe6 Re8
33. Rd3+ Ke7 34. Bd7+ Kf8 35. Qxe8# 1-0